Districts (Rayony) of St. Petersburg - Statistics

General Stats
  • This quiz has been taken 28 times
  • The average score is 16 of 18
Answers on the Map
Answers color-coded by a green-red scale on the quiz's map according to % correct below.
 
Answer Stats
Answer % Correct
Kalininsky
95%
Krasnogvardeysky
95%
Krasnoselsky
95%
Frunzensky
90%
Kirovsky
90%
Kolpinsky
90%
Nevsky
90%
Tsentralny
90%
Vasileostrovsky
90%
Admiralteysky
85%
Kurortny
85%
Moskovsky
85%
Petrogradsky
85%
Primorsky
85%
Vyborgsky
85%
Petrodvortsovy
80%
Pushkinsky
80%
Kronshtadsky
70%
No matching quizzes found
Score Distribution
Percent of People with Each Score
Percentile by Number Answered
Your Score History
You have not taken this quiz